Bruno Mars A-Z - Statistics

General Stats
  • This quiz has been taken 371 times
  • The average score is 13 of 20
Answer Stats
Hint Answer % Correct
L The Lazy Song, Liquor Store Blues, Locked Out of Heaven, Leave the Door Open, Love's Train
88%
G Grenade, Gorilla
87%
T Talking to the Moon, Treasure, That's What I Like, Too Good To Say Goodbye
83%
M Marry You, Moonshine, Money Make Her Smile
76%
C Count On Me, Chunky, Calling All My Lovelies
73%
J Just the Way You Are
73%
D Die With a Smile
70%
A After Last Night, Apt
69%
W When I Was Your Man, Wake Up In the Sky
69%
V Versace On the Floor
66%
F Finesse, Fly As Me
62%
S Somewhere in Brooklyn, Show Me, Straight Up & Down, Skate, Smoking Out the Window, Silk Sonic Intro
61%
I If I Knew, It Will Rain
58%
P Perm, Please Me, Put On a Smile
58%
U Uptown Funk
55%
N Nothing On You, Natalie
52%
R Runaway Baby
51%
B Billionaire, Blow, Blast Off
50%
Y Young Girls
41%
O Our First Time, The Other Side
34%
No matching quizzes found
Score Distribution
Percent of People with Each Score
Percentile by Number Answered
Your Score History
You have not taken this quiz